[Event "LiSB-ch C"]
[Site "Stein"]
[Date "2000.12.02"]
[Round "5"]
[White "Dols, Jos"]
[Black "Hornix, Mat"]
[Result "1-0"]
[WhiteElo "1562"]
[BlackElo "1512"]
[PlyCount "127"]
[EventDate "2000.11.25"]
[EventType "swiss"]
[EventRounds "7"]
[EventCountry "NED"]
[SourceTitle "EXT 2013"]
[Source "ChessBase"]
[SourceDate "2012.11.22"]
[SourceVersion "1"]
[SourceVersionDate "2012.11.22"]
[SourceQuality "1"]

1. d4 d5 2. c4 e6 3. a3 Nf6 4. Nc3 c6 5. e3 Be7 6. Qc2 0-0 7. Nf3 h6 8. Bd3 dxc4 9. Bxc4 Nd5 10. Nxd5 exd5 11. Bd3 Nd7 12. h4 Nf6 13. Bd2 Bd7 14. 0-0-0 Rc8 15. Kb1 Qb6 16. Qa4 c5 17. Qa5 Qxa5 18. Bxa5 b6 19. Be1 Ba4 20. Rc1 c4 21. Bc2 Bxc2+ 22. Rxc2 Bd6 23. Nd2 b5 24. f3 Rfe8 25. Bf2 Re7 26. g4 h5 27. gxh5 Nxh5 28. Rg1 f6 29. e4 Bf4 30. exd5 Re2 31. Ne4 Rxc2 32. Kxc2 Rd8 33. Nc3 a6 34. Rg4 Re8 35. Rg1 Kf7 36. Ne4 Rd8 37. Nc3 Re8 38. Re1 Rxe1 39. Bxe1 f5 40. b3 cxb3+ 41. Kxb3 Be3 42. Ne2 Ke7 43. Bb4+ Kd7 44. a4 Bf2 45. axb5 axb5 46. Nc3 Bxd4 47. Nxb5 Bf2 48. Kc4 Bxh4 49. Nd4 g6 50. Bd2 Be7 51. Ne6 Nf6 52. Bg5 Ng8 53. Bxe7 Nxe7 54. Kc5 Ke8 55. d6 Nc8 56. Kc6 Nxd6 57. Kxd6 Kf7 58. Ke5 Ke7 59. Ng5 f4 60. Kxf4 Kf6 61. Ne4+ Kf7 62. Kg5 Kg7 63. Nc5 Kf7 64. Nd7 1-0